|
|
|
|
| LEADER |
00849nam a22002172a 4500 |
| 001 |
000047622 |
| 003 |
CZ BrMZK |
| 005 |
20200315084444.0 |
| 008 |
951201s1957 xr f cze d |
| 015 |
|
|
|a cnb000726021
|
| 035 |
|
|
|a (OCoLC)38621587
|
| 040 |
|
|
|a BOA001
|b cze
|
| 100 |
1 |
|
|a Svoboda, Jiří,
|d 1931-
|7 jk01121992
|
| 245 |
1 |
0 |
|a Dvě románové trilogie Vojtěcha Martínka /
|c Jiří Svoboda.
|
| 260 |
|
|
|a Opava :
|b Slezský studijní ústav,
|c 1957
|
| 300 |
|
|
|a 19 s.
|
| 910 |
|
|
|a BOA001
|b PK-0038.122
|b Bf1-0385.807
|
| 964 |
|
|
|a Martínek, Vojtěch - trilogie románové - studie
|
| 990 |
|
|
|a BK
|
| 996 |
6 |
|
|b 2618831146
|c Bf1-0385.807
|l Stud. starých tisků/4.patro
|r Sklad / do násl. otevíracího dne
|n 0
|w 000047622
|u 000020
|a 1
|e BOA001
|j MZK50
|s P
|
| 996 |
7 |
|
|b 3119981976
|c PK-0038.122
|l MZK
|r Sklad / do 1 hodiny
|n 0
|w 000047622
|u 000010
|a 1
|e BOA001
|j MZK50
|s A
|